000 00301nam a22001337a 4500
008 181218b xxu||||| |||| 00| 0 eng d
020 _a0316690449
041 _aeng
080 _a610
100 _a4
101 _aSHM
245 _aDoing Right. Everyday Medical Ethics
_cPapper, S
942 _2udc
_cBK
999 _c53385
_d53385